Vládny program zatepľovania
Preambula. Predmet podpory. Oprávnené projekty. Forma a výška podpory. Podmienky poskytnutia podpory. Postup pri podaní a riešení žiadosti. Finančné zabezpečenie programu. Doložka finančných, ekonomických, environmentálnych vplyvov, vplyvov na zamestnanosť a podnikateľské prostredie.
Gespeichert in:
| Format: | Buchkapitel |
|---|---|
| Sprache: | Slowakisch |
| Schlagworte: | |
| Tags: |
Keine Tags, Fügen Sie das erste Tag hinzu!
|
MARC
| LEADER | 00000naa$a2200000$$$4500 | ||
|---|---|---|---|
| 001 | 0096104 | ||
| 005 | 20230927074122.8 | ||
| 041 | 0 | |a slo | |
| 044 | |a SK | ||
| 245 | 1 | 0 | |a Vládny program zatepľovania |
| 520 | |a Preambula. Predmet podpory. Oprávnené projekty. Forma a výška podpory. Podmienky poskytnutia podpory. Postup pri podaní a riešení žiadosti. Finančné zabezpečenie programu. Doložka finančných, ekonomických, environmentálnych vplyvov, vplyvov na zamestnanosť a podnikateľské prostredie. | ||
| 610 | 2 | 0 | |a hospodárnosť |
| 610 | 2 | 0 | |a energetika |
| 610 | 2 | 0 | |a byty |
| 610 | 2 | 0 | |a programy vládne |
| 610 | 2 | 0 | |a podpora štátna |
| 610 | 2 | 0 | |a úspory energie |